LEADER 05383nam 2200625Ia 450 001 9910830387503321 005 20230721030025.0 010 $a1-280-73997-5 010 $a9786610739974 010 $a0-470-05912-5 010 $a0-470-05911-7 035 $a(CKB)1000000000357089 035 $a(EBL)284476 035 $a(OCoLC)166277688 035 $a(SSID)ssj0000203806 035 $a(PQKBManifestationID)11197158 035 $a(PQKBTitleCode)TC0000203806 035 $a(PQKBWorkID)10173808 035 $a(PQKB)11423826 035 $a(MiAaPQ)EBC284476 035 $a(EXLCZ)991000000000357089 100 $a20061207d2007 uy 0 101 0 $aeng 135 $aur|n|---||||| 181 $ctxt 182 $cc 183 $acr 200 10$aMobile radio network design in the VHF and UHF bands$b[electronic resource] $ea practical approach /$fAdrian W. Graham, Nicholas C. Kirkman, Peter M. Paul 210 $aChichester, West Sussex ;$aHoboken, NJ $cJohn Wiley$d2007 215 $a1 online resource (423 p.) 300 $aDescription based upon print version of record. 311 $a0-470-02980-3 320 $aIncludes bibliographical references and index. 327 $aMobile Radio Network Design in the VHF and UHF Bands; Contents; Foreword; Preface; Glossary; PART ONE; 1. Introduction; 1.1 Mobile Radio Network Design in the Modern World; 1.2 Network Stakeholders; 1.3 Spectrum Coexistence; 1.4 The Network Design Activity; 1.5 Project Resources; 1.6 Validation and Verification; 1.7 Evolving Needs; 1.8 A Practical Approach, Not the Practical Approach; 2. Spectrum and Standards; 2.1 Introduction; 2.2 International Spectrum Management; 2.2.1 The International Telecommunications Union; 2.2.2 ICAO; 2.3 Regional Bodies; 2.3.1 CEPT; 2.3.2 CITEL 327 $a2.3.3 Regional Commonwealth in the Field of Communications2.3.4 Asia-Pacific Telecommunity; 2.3.5 Gulf Cooperation Council; 2.3.6 African Telecommunications Union; 2.3.7 National Bodies; 2.4 Other Useful Bodies; 2.4.1 Introduction; 2.4.2 ETSI; 2.4.3 COST; 2.4.4 IEEE; 2.4.5 IET; 2.4.6 NTIS; 2.4.7 NTIA and ITS; 3. Mobile Radio Technologies; 3.1 Introduction; 3.2 Mobile Radio Network Users and Networks; 3.3 Types of Mobile Network; 3.4 Direct Mode; 3.5 Single Site; 3.6 Simulcast; 3.7 Trunked Radio Systems; 3.8 Cellular Systems; 3.9 Composite Systems; 3.10 Other Approaches 327 $a3.11 Fixed and Mobile Convergence4. The Mobile Environment Part 1: Propagation Mechanisms and Modelling; 4.1 Introduction; 4.2 The Electromagnetic Spectrum; 4.3 Propagation Mechanisms at VHF and UHF; 4.3.1 Distance; 4.3.2 Reflection; 4.3.3 Scattering; 4.3.4 Refraction; 4.3.5 Diffraction; 4.3.6 Absorption; 4.4 Introduction to Propagation Modelling; 4.5 Point-to-Area Models; 4.5.1 General Properties of Point-to-Area Models; 4.5.2 ITU-R P.370 and ITU-R P.1546; 4.5.3 Okumura-Hata, COST 231 Hata and Other Point-to-Area Models; 4.5.4 IF-77 and ITU-R P.528 Models; 4.5.5 Other Point-to-Area Models 327 $a4.6 Point-to-Point Models4.6.1 General Properties of Point-to-Point Models; 4.6.2 Bullington Method; 4.6.3 Epstein-Peterson Method; 4.6.4 Edwards and Durkin Method; 4.6.5 Deygout Method; 4.6.6 ITU-R P.526 Model; 4.7 Hybrid Models; 4.8 Radio Clutter in Propagation Models; 4.9 Tuning Propagation Models; 4.10 Factors in Model Selection; 4.10.1 Introduction; 4.10.2 Frequency Range; 4.10.3 Link Length; 4.10.4 Radio Environment; 4.10.5 Antenna Height; 4.10.6 The Application; 4.10.7 Available Data; 4.11 Abnormal Propagation Conditions; 4.12 Propagation Model Summary; References and Further Reading 327 $a5. The Mobile Environment Part 2: Fading, Margins and Link Budgets5.1 Introduction; 5.1.1 Statistics Relevant for Fading; 5.1.2 Lognormal Distribution; 5.1.3 Rayleigh Distribution; 5.1.4 Ricean Distribution; 5.1.5 Other Statistical Distributions; 5.2 Slow Fading; 5.2.1 Slow Fading (Shadowing) Mechanisms; 5.2.2 Slow Fading and Propagation Model; 5.3 Fast Fading; 5.3.1 Fast Fading Mechanisms; 5.4 Receiver Antenna Environment - Body Loss and Other Factors; 5.5 Elements of a Radio Link; 5.5.1 Generic Link Diagram; 5.5.2 Nominal Power; 5.5.3 Feeder and Connector Losses 327 $a5.5.4 Tuning Units, Amplifiers and Combiners 330 $aAn essential element of radio technology and propagation is how to use radio technology and knowledge of radio propagation to design a network that meets the needs of customers. Mobile Radio Network Design in the VHF and UHF Bands provides the technical and fundamental knowledge required for advanced mobile radio network design to achieve this in terms that the engineer will understand, and augments this with essential information gleaned from the authors' extensive experience in mobile radio network design. In this book you will find out how some of the most highly-regarded radio ne 606 $aWireless communication systems 606 $aShortwave radio 615 0$aWireless communication systems. 615 0$aShortwave radio. 676 $a621.3845 700 $aGraham$b Adrian W$0932382 701 $aKirkman$b Nicholas C$01628194 701 $aPaul$b Peter M$0288852 801 0$bMiAaPQ 801 1$bMiAaPQ 801 2$bMiAaPQ 906 $aBOOK 912 $a9910830387503321 996 $aMobile radio network design in the VHF and UHF bands$93965179 997 $aUNINA LEADER 02052nam 22004813 450 001 9910800125303321 005 20231120084506.0 010 $a9781438495507 010 $a1438495501 035 $a(MiAaPQ)EBC30562216 035 $a(Au-PeEL)EBL30562216 035 $a(OCoLC)1410592966 035 $a(NjHacI)9928880702500041 035 $a(CKB)28880702500041 035 $a(Perlego)4167320 035 $a(EXLCZ)9928880702500041 100 $a20231120d2023 uy 0 101 0 $aeng 135 $aurcnu|||||||| 181 $ctxt$2rdacontent 182 $cc$2rdamedia 183 $acr$2rdacarrier 200 10$aConfucian Iconoclasm $eTextual Authority, Modern Confucianism, and the Politics of Antitradition in Republican China 205 $a1st ed. 210 1$aAlbany :$cState University of New York Press,$d2023. 210 4$dİ2023. 215 $a1 online resource (289 pages) 225 1 $aSUNY Series in Chinese Philosophy and Culture Series 311 08$aPrint version: Confucian Iconoclasm Albany : State University of New York Press,c2023 9781438495491 327 $aIntroduction -- Chapter 1 Reviving the Spirit of Confucius -- Chapter 2 Returning to the Origin -- Interlude ContextualizingTeleological History and Individual Autonomy -- Chapter 3 Performing Sagely Authority -- Chapter 4 Subsuming the Truth of Former Masters and Sages -- Conclusion Hegemony and the Politics of Antitradition -- Notes Bibliography -- Index. 330 $aChallenges deep-seated assumptions about the traditionalist nature of Confucianism by providing a new interpretation of the emergence of modern Confucianism in Republican China. 410 0$aSUNY Series in Chinese Philosophy and Culture Series 606 $aConfucianism$zChina 615 0$aConfucianism 676 $a181.112 700 $aMajor$b Philippe$01736905 801 0$bMiAaPQ 801 1$bMiAaPQ 801 2$bMiAaPQ 906 $aBOOK 912 $a9910800125303321 996 $aConfucian Iconoclasm$94157710 997 $aUNINA LEADER 03098nam 2201009z- 450 001 9910557297103321 005 20210501 035 $a(CKB)5400000000041068 035 $a(oapen)https://directory.doabooks.org/handle/20.500.12854/68506 035 $a(oapen)doab68506 035 $a(EXLCZ)995400000000041068 100 $a20202105d2021 |y 0 101 0 $aeng 135 $aurmn|---annan 181 $ctxt$2rdacontent 182 $cc$2rdamedia 183 $acr$2rdacarrier 200 00$aMarketing Strategies of the Horticultural Production Chain 210 $aBasel, Switzerland$cMDPI - Multidisciplinary Digital Publishing Institute$d2021 215 $a1 online resource (150 p.) 311 08$a3-0365-0402-8 311 08$a3-0365-0403-6 330 $aThis book consists of a series of articles that present novel trends in horticulture marketing and some of the key supply chain management issues for the horticulture industry across a wide range of geographical regions. 606 $aBusiness strategy$2bicssc 610 $aAcer rubrum 610 $aARDL bound test cointegration 610 $aconjoint analysis 610 $adestination of loss 610 $aEthiopia 610 $aexport performance 610 $afarm production diversity 610 $afood consumption diversity 610 $afood loss 610 $afood loss and waste 610 $afood security 610 $afood supply chain 610 $again 610 $agarden center 610 $agarden centers 610 $agreen industry 610 $aGuadalcanal 610 $aHoniara 610 $ahorticulture 610 $ain-store signage 610 $aKeywords: food security 610 $alandscape 610 $alandscape businesses 610 $alandscape establishment 610 $aloss 610 $aloss management 610 $aMalaita 610 $amarketing 610 $amarketing costs 610 $amunicipal market 610 $anew-media marketing 610 $anurseries 610 $anursery 610 $aornamental horticulture businesses 610 $aornamental plants 610 $aPacific 610 $apost-harvest 610 $apostharvest 610 $apostharvest loss 610 $aprice consciousness 610 $aprivate food policy and standards 610 $aproductivity 610 $aqualitative 610 $arelationship marketing 610 $aroad-side market 610 $aseasonal food consumption 610 $asmallholders 610 $asocial media 610 $asocial-media marketing 610 $asustainability 610 $aTanzania 610 $aTaxodium distichum 610 $atomato 610 $atree establishment 610 $avisual attention 610 $aVitex agnus-castus 615 7$aBusiness strategy 700 $aPalma$b Marco A$4edt$0151989 702 $aPalma$b Marco A$4oth 906 $aBOOK 912 $a9910557297103321 996 $aMarketing Strategies of the Horticultural Production Chain$93021918 997 $aUNINA